Statistics for US States That Touch the Mississippi River

Click here to take the quiz!

General Stats

  • This quiz has been taken 23 times
  • The average score is 8 of 10

Answer Stats

Answer% Correct
Mississippi
100%
Missouri
100%
Louisiana
95%
Tennessee
84%
Arkansas
79%
Illinois
79%
Iowa
79%
Kentucky
79%
Minnesota
79%
Wisconsin
53%

Score Distribution

Percentile by Number Answered

Percent of People with Each Score

Your Score History

You have not taken this quiz